Probabilidades doctas con discos, árboles, bolitas y urnas
সংরক্ষণ করুন:
| প্রধান লেখক: | |
|---|---|
| বিন্যাস: | গ্রন্থ |
| ভাষা: | স্প্যানিশ |
| প্রকাশিত: |
Santiago
J. C. Sáez
2011
|
| সংস্করন: | 1a. ed |
| মালা: | Herramientas para la Formación de Profesores de Matemáticas, 5
|
| বিষয়গুলি: | |
| ট্যাগগুলো: |
ট্যাগ যুক্ত করুন
কোনো ট্যাগ নেই, প্রথমজন হিসাবে ট্যাগ করুন!
|
MARC
| LEADER | 00000cam a2200000 a 4500 | ||
|---|---|---|---|
| 001 | UCG7549 | ||
| 003 | CL-VaPUC | ||
| 008 | 110812e20110000CL |||||||||||||||||spa|d | ||
| 020 | |a 9789563060713 | ||
| 082 | 0 | 4 | |a 519.5 |b ROM |2 21 |
| 100 | 0 | |a Romagnoli, Pierre Paul |e author |9 558120 | |
| 245 | 1 | 0 | |a Probabilidades doctas con discos, árboles, bolitas y urnas |
| 250 | |a 1a. ed | ||
| 300 | |a 152 p | ||
| 942 | |c BK | ||
| 945 | |d 20110812 00:00:00 |a dcastane | ||
| 260 | |a Santiago |b J. C. Sáez |c 2011 | ||
| 650 | 0 | |a Estadística matemática |9 260028 | |
| 650 | 7 | |a PROBABILIDADES ESTADISTICAS |2 CL-VaPUC |9 384670 | |
| 650 | 0 | |a Teoría de números |9 265327 | |
| 650 | 0 | |a Análisis numérico |9 259387 | |
| 583 | |a last modification |c 20121022 12:53:35 |k Rodrigo Vera | ||
| 490 | 0 | |a Herramientas para la Formación de Profesores de Matemáticas, 5 | |
| 999 | |c 345415 |d 345413 | ||
| 952 | |0 0 |1 0 |4 0 |6 519_500000000000000_ROM_2011 |7 0 |8 A |9 444121 |a BIBMAT |b BIBMAT |c E_DIDACT |d 2019-11-22 |i 4788826 |o 519.5 ROM 2011 |p 4788826 |r 2025-01-07 |w 2019-11-22 |y BK |k MAT | ||
| 952 | |0 0 |1 0 |4 0 |6 519_500000000000000_ROM_2011 |7 0 |8 A |9 444122 |a BIBGIM |b BIBGIM |d 2019-11-22 |i 4919033 |o 519.5 ROM 2011 |p 4919033 |r 2025-01-15 |w 2019-11-22 |y BK |k EST | ||
| 952 | |0 0 |1 0 |4 0 |6 519_500000000000000_ROM_2011 |7 0 |8 A |9 444123 |a BIBMAT |b BIBMAT |c E_DIDACT |d 2019-11-22 |i 4922646 |o 519.5 ROM 2011 |p 4922646 |r 2025-01-07 |w 2019-11-22 |y BK |k MAT | ||
| 952 | |0 0 |1 0 |4 0 |6 519_500000000000000_ROM_2011 |7 0 |8 A |9 444124 |a BIBMAT |b BIBMAT |c E_DIDACT |d 2019-11-22 |i 4922654 |l 2 |o 519.5 ROM 2011 |p 4922654 |r 2025-01-07 |s 2022-10-07 |w 2019-11-22 |y BK |k MAT | ||